El baúl del éxito de Rody : (Registro nro. 8306)

Detalles MARC
000 -CABECERA
campo de control de longitud fija 01334nam a22003617a 4500
001 - NÚMERO DE CONTROL
campo de control 0021
003 - IDENTIFICADOR DEL NÚMERO DE CONTROL
campo de control DO-SdBPM
005 - FECHA Y HORA DE LA ÚLTIMA TRANSACCIÓN
campo de control 20250630103210.0
007 - CAMPO FIJO DE DESCRIPCIÓN FÍSICA--INFORMACIÓN GENERAL
campo de control de longitud fija ta
008 - DATOS DE LONGITUD FIJA--INFORMACIÓN GENERAL
campo de control de longitud fija 1509292011 mx a 00| 0 spa
020 ## - NÚMERO INTERNACIONAL ESTÁNDAR DEL LIBRO
Número Internacional Estándar del Libro 9879709852448 (Obra completa)
020 ## - NÚMERO INTERNACIONAL ESTÁNDAR DEL LIBRO
Número Internacional Estándar del Libro 9789709852455(v.1)
020 ## - NÚMERO INTERNACIONAL ESTÁNDAR DEL LIBRO
Número Internacional Estándar del Libro 9789709852462 (v.2)
020 ## - NÚMERO INTERNACIONAL ESTÁNDAR DEL LIBRO
Número Internacional Estándar del Libro 9789709852479 (v.3)
020 ## - NÚMERO INTERNACIONAL ESTÁNDAR DEL LIBRO
Número Internacional Estándar del Libro 9789709852486(v.4)
040 ## - FUENTE DE LA CATALOGACIÓN
Centro catalogador/agencia de origen DO-SdBPM
Lengua de catalogación spa
Centro/agencia transcriptor BPMSU
Normas de descripción rda
082 #4 - NÚMERO DE LA CLASIFICACIÓN DECIMAL DEWEY
Número de clasificación 372.4
Número de documento/Ítem B346e 2011
Número de edición 22
245 03 - MENCIÓN DE TÍTULO
Título El baúl del éxito de Rody :
Resto del título aprende a leer y escribir /
Mención de responsabilidad, etc. arte y diseño Ramiro Martínez Menéndez ; colaborador Armando Esparza Navarro
264 ## - PRODUCCIÓN, PUBLICACIÓN, DISTRIBUCIÓN, FABRICACIÓN Y COPYRIGHT
Producción, publicación, distribución, fabricación y copyright México :
Nombre del de productor, editor, distribuidor, fabricante Ediciones Euroméxico,
Fecha de producción, publicación, distribución, fabricación o copyright 2011
300 ## - DESCRIPCIÓN FÍSICA
Extensión 3 volumenes . :
Otras características físicas ilustraciones. , 28 cm + CD ROM ;
Dimensiones 26 cm.
336 ## - TIPO DE CONTENIDO
Término de tipo de contenido texto
Código de tipo de contenido txt
Fuente rdatentent
337 ## - TIPO DE MEDIO
Nombre/término del tipo de medio sin mediación
Código del tipo de medio n
Fuente rdamedia
338 ## - TIPO DE SOPORTE
Nombre/término del tipo de soporte volument
Código del tipo de soporte nc
Fuente rdacarrier
500 ## - NOTA GENERAL
Nota general Incluye material didáctico
505 0# - NOTA DE CONTENIDO CON FORMATO
Nota de contenido con formato v.1 : Silabario : v.2 : Lectura prelimar : v.3 : Ejercicios preparatorios : v.4 : Lectura de comprensión -- + Una guía
590 ## - NOTA LOCAL (RLIN)
Nota local Inventariado, 2025/VM
650 #7 - PUNTO DE ACCESO ADICIONAL DE MATERIA--TÉRMINO DE MATERIA
Término de materia o nombre geográfico como elemento de entrada Escritura
Subdivisión general Enseñanza primaria
-- Técnicas.
650 ## - PUNTO DE ACCESO ADICIONAL DE MATERIA--TÉRMINO DE MATERIA
Término de materia o nombre geográfico como elemento de entrada Psicología de la escritura
651 ## - PUNTO DE ACCESO ADICIONAL DE MATERIA--NOMBRE GEOGRÁFICO
Subdivisión general
700 1# - PUNTO DE ACCESO ADICIONAL--NOMBRE DE PERSONA
Nombre de persona Esparza Navarro, Armando
Término indicativo de función/relación Colaborador
910 ## - DATOS DE OPCIÓN DEL USUARIO (OCLC)
Datos de opción del usuario VMateo V. Control de calidad. BPMSU
942 ## - ELEMENTOS DE PUNTO DE ACCESO ADICIONAL (KOHA)
Fuente del sistema de clasificación o colocación Dewey Decimal Classification
Tipo de ítem Koha Libros
Existencias
Estado de retiro Estado de pérdida Fuente del sistema de clasificación o colocación No para préstamo Código de colección Localización permanente Ubicación/localización actual Fecha de adquisición Fuente de adquisición Total de préstamos Signatura topográfica completa Código de barras Fecha visto por última vez Número de copia Precio válido a partir de Tipo de ítem Koha
    Dewey Decimal Classification   Colección Infantil General Biblioteca Pública Metropolitana Salomé Ureña Biblioteca Pública Metropolitana Salomé Ureña 03/15/2018 COMPRA   BPMSU CGI 372.4 B346e 2011 BPMSU18030063 03/15/2018 v.1 03/15/2018 Libros
    Dewey Decimal Classification   Colección Infantil General Biblioteca Pública Metropolitana Salomé Ureña Biblioteca Pública Metropolitana Salomé Ureña 03/15/2018 COMPRA   BPMSU CGI 372.4 B346e 2011 BPMSU18030065 03/15/2018 v.3 03/15/2018 Libros
    Dewey Decimal Classification   Colección Infantil General Biblioteca Pública Metropolitana Salomé Ureña Biblioteca Pública Metropolitana Salomé Ureña 03/15/2018 COMPRA   BPMSU CGI 372.4 B346e 2011 BPMSU18030066 03/15/2018 v.4 03/15/2018 Libros
    Dewey Decimal Classification   Colección Infantil General Biblioteca Pública Metropolitana Salomé Ureña Biblioteca Pública Metropolitana Salomé Ureña 03/15/2018 COMPRA   BPMSU CGI 372.4 B346e 2011 BPMSU25060141 06/30/2025 v.2 03/15/2018 Libros
    Dewey Decimal Classification   Colección Infantil General Biblioteca Pública Metropolitana Salomé Ureña Biblioteca Pública Metropolitana Salomé Ureña 03/15/2018 COMPRA   BPMSU CGI 372.4 B346e 2011 BPMSU25060142 06/30/2025 v.1, e.2 03/15/2018 Libros
    Dewey Decimal Classification   Colección Infantil General Biblioteca Pública Metropolitana Salomé Ureña Biblioteca Pública Metropolitana Salomé Ureña 03/15/2018 COMPRA   BPMSU CGI 372.4 B346e 2011 BPMSU25060150 06/30/2025 v.1, e.3 03/15/2018 Libros
    Dewey Decimal Classification   Colección Infantil General Biblioteca Pública Metropolitana Salomé Ureña Biblioteca Pública Metropolitana Salomé Ureña 03/15/2018 COMPRA   BPMSU CGI 372.4 B346e 2011 BPMSU25060143 06/30/2025 v.2, e.2 03/15/2018 Libros
    Dewey Decimal Classification   Colección Infantil General Biblioteca Pública Metropolitana Salomé Ureña Biblioteca Pública Metropolitana Salomé Ureña 03/15/2018 COMPRA   BPMSU CGI 372.4 B346e 2011 BPMSU25060144 06/30/2025 v.2, e.3 03/15/2018 Libros
    Dewey Decimal Classification   Colección Infantil General Biblioteca Pública Metropolitana Salomé Ureña Biblioteca Pública Metropolitana Salomé Ureña 03/15/2018 COMPRA   BPMSU CGI 372.4 B346e 2011 BPMSU25060145 06/30/2025 v.3, e.2 03/15/2018 Libros
    Dewey Decimal Classification   Colección Infantil General Biblioteca Pública Metropolitana Salomé Ureña Biblioteca Pública Metropolitana Salomé Ureña 03/15/2018 COMPRA   BPMSU CGI 372.4 B346e 2011 BPMSU25060146 06/30/2025 v.3, e.3 03/15/2018 Libros
    Dewey Decimal Classification   Colección Infantil General Biblioteca Pública Metropolitana Salomé Ureña Biblioteca Pública Metropolitana Salomé Ureña 03/15/2018 COMPRA   BPMSU CGI 372.4 B346e 2011 BPMSU25060147 06/30/2025 v.4, e.2 03/15/2018 Libros
    Dewey Decimal Classification   Colección Infantil General Biblioteca Pública Metropolitana Salomé Ureña Biblioteca Pública Metropolitana Salomé Ureña 03/15/2018 COMPRA   BPMSU CGI 372.4 B346e 2011 BPMSU25060148 06/30/2025 v.4, e.3 03/15/2018 Libros
    Dewey Decimal Classification   Colección Infantil General Biblioteca Pública Metropolitana Salomé Ureña Biblioteca Pública Metropolitana Salomé Ureña 03/15/2018 COMPRA   BPMSU CGI 372.4 B346e 2011 BPMSU25060149 06/30/2025 guía 03/15/2018 Libros